000 00379nam a2200157Ia 4500
008 230524s9999 xx 000 0 und d
082 _a4
_bVIE
100 _aRob Vieiva
245 0 _aProfessonal SQL Server 2000 Programming
250 _a8TH
260 _aMUMBAI
_bShroff
_c2005
300 _aXXIII;1391+1
500 _aQuantity Number: 2
650 _aComp-Sc
942 _cBK
999 _c21438
_d21438